| 000 | 00412cam a22001097a 4500 | ||
|---|---|---|---|
| 008 | 180718b xxu||||| |||| 00| 0 eng d | ||
| 082 | _aR22x54 In2 Cm/1 | ||
| 245 |
_aReport of the central wage board for the coal mining industry _cby Ministry of Labour, Employment and Rehabilitation |
||
| 260 |
_aNew Delhi _bGovernment of India _c |
||
| 300 | _a173p | ||
| 700 | _aIndia. Ministry of Labour, Employment and Rehabilitation | ||
| 999 |
_c495970 _d495970 |
||